000 00521nam a2200181Ia 4500
003 GCL
008 140319s9999 xx 000 0 ara d
040 _aGCL /
_cGCL
082 0 4 _aط
_b792.9
_bع ه
100 1 _aعبدالتواب يوسف
245 1 0 _aالهراوى راثد مسرح الطفل /
_cعبدالتواب يوسف
260 _a[S.N] :
_bدار الكتاب المصرى ،
_c1987
300 _a141 ص
490 _a
650 0 4 _aالاطفال
650 0 4 _aمسرح الطفل
942 _2ddc
_cBK
999 _c56348
_d56348